000 00505nam a2200169 a 4500
001 000045130
005 20201002045913.0
008 150204s1992 dr r 000 0 spa d
040 _aDO-SdBNP
_bspa
_cBNPHU
082 _axxxx
_bP896i
100 1 _aPrado Flores, José H.
_910971
245 1 0 _aId y evangelizar a los bautizados /
_cJosé H. Prado Flores.
260 _aSanto Domingo :
_bMSC,
_c1992.
300 _a119 p. ;
_c22 cm.
504 _aBibliografía : p. 117-119
590 _aInventariado, 2018/BT
999 _c44619
_d44619